| 000 | 00483nam a22001817a 4500 | ||
|---|---|---|---|
| 003 | OSt | ||
| 005 | 20250527142519.0 | ||
| 008 | 250527b |||||||| |||| 00| 0 eng d | ||
| 020 | _a9789390619344 | ||
| 082 | _a616.07 | ||
| 100 | _aShameem Shariff | ||
| 245 |
_aEssentials of Pathology _cShameem Shariff |
||
| 250 | _a1st | ||
| 260 |
_aNew Delhi _bCBS Publishers and Distributors Pvt. Ltd _c2023 |
||
| 650 |
_vOccupational Therapy _xPathology |
||
| 942 |
_cBK _2ddc |
||
| 999 |
_c249333 _d249333 |
||